| 000 | 00675nam a22001937a 4500 | ||
|---|---|---|---|
| 005 | 20240214122023.0 | ||
| 010 | _aENG-139225 | ||
| 020 |
_c899.00 _a9789356066212 |
||
| 035 | _aEN-122757 | ||
| 037 | _bDBAD/PUB | ||
| 082 |
_a621.382 _22 |
||
| 100 |
_aRappaport, Theodore S _962058 |
||
| 245 |
_aWireless Communications: _bPrinciples and Practice/ _cBy Theodore S Rappaport |
||
| 250 | _a2 | ||
| 260 |
_aUttar Pradesh _bPearson India Education Pvt Ltd _c2022 |
||
| 270 |
_bUttar Pradesh _a15th FLoor, Tower-B, World Trade Tower, Plot No.1, Block- C, Sector-16, Noida _e201301 |
||
| 300 |
_axix,733p. _c23cm(pb) _bIndex |
||
| 942 |
_2ddc _cEN _h621.382 _mRAP _e2 |
||
| 999 |
_c200730 _d200730 |
||